| 000 | 00854cam a22002778a 4500 | ||
|---|---|---|---|
| 001 | 4891221 | ||
| 005 | 20200421093827.0 | ||
| 008 | 120614s2012 enk 000 0beng d | ||
| 015 |
_aGBB260217 _2bnb |
||
| 020 |
_a9781780335797 (hbk.) : _c£20.00 |
||
| 020 |
_a1780335792 (hbk.) : _c£20.00 |
||
| 020 | _a9781780338682 (pbk.) | ||
| 035 | _a(Uk)016107633 | ||
| 035 | _a2736204 | ||
| 040 |
_aStDuBDS _beng _cStDuBDS |
||
| 082 | 0 | 4 |
_a782.42166092 _223 |
| 100 | 1 |
_aHeylin, Clinton. _91702 |
|
| 245 | 1 | 0 |
_aE Street shuffle : _bthe glory days of Bruce Springsteen & the E Street Band / _cClinton Heylin. |
| 260 |
_aLondon : _bConstable, _c2012. |
||
| 263 | _a201210 | ||
| 300 |
_a1 v. ; _c20 cm. |
||
| 600 | 1 | 0 |
_aSpringsteen, Bruce. _91703 |
| 610 | 2 | 0 |
_aE Street Band. _91704 |
| 650 | 0 |
_aRock musicians _zUnited States _vBiography. _91705 |
|
| 942 |
_2ddc _cBK |
||
| 999 |
_c344 _d344 |
||